Geo marketing a gis
Charakteristika Geo marketingu. Geografické informačné systémy (GIS), ich definovanie. Funkcia a predmet GIS. Popis priestorovej lokalizácie v GIS a priestorovej topológie v GIS. Využitie GIS technológií.
Salvato in:
| Autore principale: | |
|---|---|
| Natura: | Capitolo di libro |
| Lingua: | ceco |
| Soggetti: | |
| Tags: |
Nessun Tag, puoi essere il primo ad aggiungerne!!
|
MARC
| LEADER | 00000naa$a2200000$$$4500 | ||
|---|---|---|---|
| 001 | 0051321 | ||
| 005 | 20240502071610.6 | ||
| 041 | 0 | |a cze | |
| 044 | |a SK | ||
| 245 | 1 | 0 | |a Geo marketing a gis |c Lukáš Herzán |
| 520 | |a Charakteristika Geo marketingu. Geografické informačné systémy (GIS), ich definovanie. Funkcia a predmet GIS. Popis priestorovej lokalizácie v GIS a priestorovej topológie v GIS. Využitie GIS technológií. | ||
| 610 | 2 | 0 | |a marketing |
| 610 | 2 | 0 | |a dáta |
| 610 | 2 | 0 | |a zákazníci |
| 610 | 2 | 0 | |a systémy informačné geografické |
| 610 | 2 | 0 | |a lokalizácia |
| 100 | 1 | |a Herzán, Lukáš | |